<?xml version="1.0" encoding="UTF-8"?>
<record
    xmlns:xsi="http://www.w3.org/2001/XMLSchema-instance"
    xsi:schemaLocation="http://www.loc.gov/MARC21/slim http://www.loc.gov/standards/marcxml/schema/MARC21slim.xsd"
    xmlns="http://www.loc.gov/MARC21/slim">

  <leader>00701nam a22001337a 4500</leader>
  <datafield tag="040" ind1=" " ind2=" ">
    <subfield code="c">RUA</subfield>
  </datafield>
  <datafield tag="082" ind1=" " ind2=" ">
    <subfield code="a">AGR NOB 2021 B1-570 Or.</subfield>
  </datafield>
  <datafield tag="100" ind1=" " ind2=" ">
    <subfield code="a">NOB RISA,&#x178E;&#x17BB;&#x1794; &#x179A;&#x17B8;&#x179F;&#x17B6;</subfield>
  </datafield>
  <datafield tag="245" ind1=" " ind2=" ">
    <subfield code="a">COMPARITION OF ORGANIC AND INORGANIC MULCHING ON GROWTH AND YIELD OF BOK CHOY(Brassica rapa var chinensis),&#x1780;&#x17B6;&#x179A;&#x1794;&#x17D2;&#x179A;&#x17C0;&#x1794;&#x1792;&#x17C0;&#x1794;&#x1782;&#x1798;&#x17D2;&#x179A;&#x1794;&#x179F;&#x179A;&#x17B8;&#x179A;&#x17B6;&#x1784;&#x17D2;&#x1782; &#x1793;&#x17B7;&#x1784;&#x17A2;&#x179F;&#x179A;&#x17B8;&#x179A;&#x17B6;&#x1784;&#x17D2;&#x1782;&#x1791;&#x17C5;&#x179B;&#x17BE;&#x1780;&#x17B6;&#x179A;&#x179B;&#x17BC;&#x178F;&#x179B;&#x17B6;&#x179F;&#x17CB; &#x1793;&#x17B7;&#x1784;&#x1791;&#x17B7;&#x1793;&#x17D2;&#x1793;&#x1795;&#x179B;&#x179B;&#x17BE;&#x178A;&#x17C6;&#x178E;&#x17B6;&#x17C6;&#x179F;&#x17D2;&#x1796;&#x17C3;&#x178F;&#x17BF;</subfield>
  </datafield>
  <datafield tag="260" ind1=" " ind2=" ">
    <subfield code="a">phnom penh</subfield>
    <subfield code="b">rua</subfield>
    <subfield code="c">2021</subfield>
  </datafield>
  <datafield tag="300" ind1=" " ind2=" ">
    <subfield code="a">x.34p.</subfield>
    <subfield code="b">ill.</subfield>
    <subfield code="c">29cm.</subfield>
  </datafield>
  <datafield tag="856" ind1=" " ind2=" ">
    <subfield code="u">https://drive.google.com/file/d/1FnpSLfZNgx5V7scdOjOGAE9I-MmYP1mQ/view?usp=sharing</subfield>
  </datafield>
  <datafield tag="942" ind1=" " ind2=" ">
    <subfield code="c">AGR</subfield>
  </datafield>
  <datafield tag="999" ind1=" " ind2=" ">
    <subfield code="c">22776</subfield>
    <subfield code="d">22776</subfield>
  </datafield>
  <datafield tag="952" ind1=" " ind2=" ">
    <subfield code="0">0</subfield>
    <subfield code="1">0</subfield>
    <subfield code="4">0</subfield>
    <subfield code="6">AGR_NOB_2021_000000000000000_B1570_OR</subfield>
    <subfield code="7">0</subfield>
    <subfield code="9">97815</subfield>
    <subfield code="a">LBB</subfield>
    <subfield code="b">LBB</subfield>
    <subfield code="c">B1.570</subfield>
    <subfield code="d">2024-04-03</subfield>
    <subfield code="o">AGR NOB 2021 B1-570 Or.</subfield>
    <subfield code="p">a076389</subfield>
    <subfield code="r">2024-04-03</subfield>
    <subfield code="y">AGR</subfield>
  </datafield>
  <datafield tag="952" ind1=" " ind2=" ">
    <subfield code="0">0</subfield>
    <subfield code="1">0</subfield>
    <subfield code="4">0</subfield>
    <subfield code="6">AGR_NOB_2021_000000000000000_B1570_OR</subfield>
    <subfield code="7">0</subfield>
    <subfield code="9">97816</subfield>
    <subfield code="a">LBB</subfield>
    <subfield code="b">LBB</subfield>
    <subfield code="c">B1.570</subfield>
    <subfield code="d">2024-04-03</subfield>
    <subfield code="o">AGR NOB 2021 B1-570 Or.</subfield>
    <subfield code="p">a076397</subfield>
    <subfield code="r">2024-04-03</subfield>
    <subfield code="y">AGR</subfield>
  </datafield>
  <datafield tag="952" ind1=" " ind2=" ">
    <subfield code="0">0</subfield>
    <subfield code="1">0</subfield>
    <subfield code="4">0</subfield>
    <subfield code="6">AGR_NOB_2021_000000000000000_B1570_OR</subfield>
    <subfield code="7">0</subfield>
    <subfield code="9">97817</subfield>
    <subfield code="a">LBB</subfield>
    <subfield code="b">LBB</subfield>
    <subfield code="c">B1.570</subfield>
    <subfield code="d">2024-04-03</subfield>
    <subfield code="o">AGR NOB 2021 B1-570 Or.</subfield>
    <subfield code="p">a076401</subfield>
    <subfield code="r">2024-04-03</subfield>
    <subfield code="y">AGR</subfield>
  </datafield>
  <datafield tag="952" ind1=" " ind2=" ">
    <subfield code="0">0</subfield>
    <subfield code="1">0</subfield>
    <subfield code="4">0</subfield>
    <subfield code="6">AGR_NOB_2021_000000000000000_B1570_OR</subfield>
    <subfield code="7">0</subfield>
    <subfield code="9">97818</subfield>
    <subfield code="a">LBB</subfield>
    <subfield code="b">LBB</subfield>
    <subfield code="c">B1.570</subfield>
    <subfield code="d">2024-04-03</subfield>
    <subfield code="o">AGR NOB 2021 B1-570 Or.</subfield>
    <subfield code="p">a073408</subfield>
    <subfield code="r">2024-04-03</subfield>
    <subfield code="y">AGR</subfield>
  </datafield>
</record>
